Identifikácia spotrebiteľského vnímania kvality pri tvorbe stratégie produktu diplomová práca

Guardado en:
Detalles Bibliográficos
Autor principal: Nemček, Peter
Autor Corporativo: Obchodná fakulta EU. Katedra tovaroznalectva a kvality tovaru
Otros Autores: Strhan, Rastislav, 1968-
Formato: Libro
Lenguaje:eslovaco
Publicado: Bratislava 2016
Etiquetas: Agregar Etiqueta
Sin Etiquetas, Sea el primero en etiquetar este registro!

MARC

LEADER 00000nbm a2200000 4500
001 0216777
005 20161201144954.1
041 0 |a slo 
044 |a SK 
245 1 0 |a Identifikácia spotrebiteľského vnímania kvality pri tvorbe stratégie produktu  |b diplomová práca  |c Peter Nemček ; školiteľ: Rastislav Strhan 
264 1 |a Bratislava  |c 2016 
300 |a 66 s. 
100 1 |a Nemček, Peter 
700 1 |a Strhan, Rastislav, 1968- 
710 2 |a Obchodná fakulta EU. Katedra tovaroznalectva a kvality tovaru